000 00470nam a2200145 a 4500
008 120416s1973 ||||||||||||||||| || u
020 _a0713417862
050 _aBL 65.H5 Bod
100 _aBodey, Hugh
245 1 0 _aReligion
260 _aLondon
_bB.T. Batsford
_c1973
300 _a16p. : ill.
350 _a0.00
995 _D0.00
_FCBU-MAIN LIBRARY (Kitwe)
_H1
_I8.95
_UAVAILABLE
_ZMain Library Open Access Collection
999 _c56023
_d56023